[Event "Elit(Kamraterna-Wasa)"]
[Site "?"]
[Date "2009.12.05"]
[Round "5"]
[White "Nyberg, Ulf"]
[Black "Kostlan, Jan"]
[Result "1/2-1/2"]
[WhiteElo "2141"]
[BlackElo "1953"]
[PlyCount "146"]

1. d4 d5 2. c4 e6 3. Nc3 Nf6 4. cxd5 exd5 5. Bg5 Be7 6. e3 Nbd7 7. Qc2 O-O 8.
Bd3 h6 9. Bh4 Re8 10. Nge2 c6 11. O-O Nh5 12. Bxe7 Qxe7 13. Rae1 Ndf6 14. Nc1
Ne4 15. f3 Nxc3 16. Qxc3 Bd7 17. e4 Qg5 18. Ne2 dxe4 19. fxe4 Be6 20. Bc2 Rad8
21. Ng3 Nxg3 22. hxg3 Rd7 23. Bb3 Qb5 24. d5 Bg4 25. Rf4 h5 26. Ref1 Qb6+ 27.
Kh2 cxd5 28. Bxd5 Be6 29. Qe5 Qd6 30. Qg5 Bxd5 31. exd5 Re5 32. Rf5 Rxf5 33.
Rxf5 Qg6 34. Qxh5 Qxh5+ 35. Rxh5 g6 36. Re5 Kg7 37. Re3 Kf6 38. Rb3 Ke5 39. Rb5
a6 40. Ra5 Rxd5 41. Ra4 f5 42. Rh4 b5 43. Rh8 Rd6 44. Re8+ Re6 45. Rc8 Kd4 46.
g4 f4 47. g5 a5 48. Kh3 Re3+ 49. Kg4 Rg3+ 50. Kxf4 Rxg2 51. Rd8+ Kc5 52. Rg8
Rxb2 53. Rxg6 Rxa2 54. Rg8 Rg2 55. Kf3 Rg1 56. Kf2 Rd1 57. g6 Rd7 58. Rf8 Rg7
59. Rf6 Kb4 60. Ke3 a4 61. Kd2 Kb3 62. Kc1 a3 63. Kb1 b4 64. Rf3+ Ka4 65. Rg3
Kb5 66. Ka2 Ka4 67. Rg4 Kb5 68. Kb3 Kc5 69. Rg5+ Kd4 70. Rg2 Ke5 71. Kxb4 Kf6
72. Kxa3 Rxg6 73. Rxg6+ Kxg6 1/2-1/2

[Event "Elit(Vasteras-Farsta)"]
[Site "?"]
[Date "2009.12.05"]
[Round "5"]
[White "Livner, Anders"]
[Black "Sjodahl, Pontus"]
[Result "1-0"]
[WhiteElo "2396"]
[BlackElo "2488"]
[PlyCount "73"]
[EventDate "2009.??.??"]

1. d4 Nf6 2. c4 c5 3. d5 a6 4. a4 e5 5. Nc3 d6 6. e4 Be7 7. g3 O-O 8. Bg2 Ne8
9. Nge2 Nd7 10. O-O Rb8 11. Ra3 b6 12. Kh1 Nc7 13. Rb3 Re8 14. f4 Bf6 15. Ng1
Nf8 16. Qh5 Bd7 17. f5 b5 18. g4 g6 19. Qh3 Bg5 20. Nce2 Bxc1 21. Nxc1 f6 22.
g5 fxg5 23. Qh6 Re7 24. Nh3 g4 25. Ng5 Ne8 26. Rg3 Rg7 27. Rxg4 gxf5 28. exf5
Nf6 29. Rg3 Qe7 30. Bh3 bxc4 31. Rfg1 Kh8 32. Nf7+ Qxf7 33. Rxg7 Qxd5+ 34. Bg2
Ne4 35. Bxe4 Qxe4+ 36. R7g2 Ng6 37. fxg6 1-0

[Event "Elit(Vasteras-Farsta)"]
[Site "?"]
[Date "2009.12.05"]
[Round "5"]
[White "Akesson, Ralf"]
[Black "Ong, Kezli"]
[Result "0-1"]
[WhiteElo "2504"]
[BlackElo "2301"]
[PlyCount "68"]

1. d4 Nf6 2. c4 e6 3. Nf3 Bb4+ 4. Nbd2 b6 5. a3 Bxd2+ 6. Qxd2 Bb7 7. e3 O-O 8.
Bd3 Ne4 9. Qc2 f5 10. O-O d6 11. Nd2 Qh4 12. f3 Ng5 13. f4 Nh3+ 14. gxh3 Qxh3
15. Rf2 Rf6 16. e4 Rg6+ 17. Kh1 Nd7 18. d5 Nc5 19. Nf3 Rg3 20. Bf1 Qh5 21. Ng5
fxe4 22. Bg2 exd5 23. cxd5 Bxd5 24. Kg1 Rg4 25. h3 Rg3 26. Qd2 c6 27. Qd4 Re8
28. Be3 Nd3 29. Raf1 Nxf2 30. Rxf2 h6 31. Nxe4 Bxe4 32. Qxd6 Bxg2 33. Rxg2
Rxg2+ 34. Kxg2 Rxe3 0-1

[Event "Elit(Vasteras-Farsta)"]
[Site "?"]
[Date "2009.12.05"]
[Round "5"]
[White "Backelin, Rikard"]
[Black "Eriksson, Johan"]
[Result "1/2-1/2"]
[WhiteElo "2427"]
[BlackElo "2440"]
[PlyCount "31"]
[EventDate "2009.??.??"]

1. e4 c5 2. Nf3 d6 3. Bb5+ Bd7 4. Bxd7+ Qxd7 5. c4 Nf6 6. Nc3 g6 7. d4 cxd4 8.
Nxd4 Bg7 9. O-O O-O 10. f3 Rc8 11. b3 d5 12. exd5 Nxd5 13. Nxd5 e6 14. Bh6 exd5
15. Bxg7 Kxg7 16. cxd5 1/2-1/2

[Event "Elit(Vasteras-Farsta)"]
[Site "?"]
[Date "2009.12.05"]
[Round "5"]
[White "Norberg, Johan"]
[Black "Hjelm, Niclas"]
[Result "0-1"]
[WhiteElo "2333"]
[BlackElo "2384"]
[PlyCount "82"]
[SourceDate "2009.12.12"]

1. e4 e5 2. Nf3 Nc6 3. Nc3 Nf6 4. d4 Bb4 5. d5 Ne7 6. Nxe5 O-O 7. Qd4 Bxc3+ 8.
bxc3 Re8 9. Bg5 Nf5 10. exf5 d6 11. f4 h6 12. Bxf6 Qxf6 13. O-O-O dxe5 14. fxe5
Rxe5 15. g4 Bd7 16. Bg2 Rae8 17. Rd2 b6 18. h4 h5 19. g5 Qxf5 20. Kb2 Qg6 21.
Rf1 Re2 22. Bf3 Rxd2 23. Qxd2 Bg4 24. Qd3 Qxd3 25. cxd3 Re3 26. Bxg4 hxg4 27.
Rf4 Rxd3 28. Rxg4 Rxd5 29. a4 g6 30. Kb3 Kf8 31. Re4 Rf5 32. Rc4 c5 33. Re4 f6
34. gxf6 Rxf6 35. Kc4 Rf3 36. Kb5 Rxc3 37. Ka6 Rb3 38. Kxa7 Rb4 39. Re6 Kf7 40.
Rxb6 Rxa4+ 41. Kb7 Rb4 0-1

[Event "Elit(Vasteras-Farsta)"]
[Site "?"]
[Date "2009.12.05"]
[Round "5"]
[White "Jaderberg, Bjorn"]
[Black "Eriksson, Anders"]
[Result "1-0"]
[WhiteElo "2226"]
[BlackElo "2402"]
[PlyCount "89"]

1. c4 c5 2. Nf3 Nc6 3. Nc3 g6 4. g3 Bg7 5. Bg2 d6 6. O-O Nh6 7. d3 Nf5 8. Rb1
O-O 9. Bd2 Bd7 10. Ne4 Rb8 11. Bc3 b5 12. Bxg7 Kxg7 13. cxb5 Rxb5 14. e3 Qa5
15. Nc3 Rb7 16. g4 Nh6 17. h3 Rfb8 18. Qd2 f6 19. Rfe1 Nf7 20. b3 h5 21. gxh5
g5 22. d4 Rh8 23. dxc5 Qxc5 24. Ne4 Qb4 25. Ng3 Qxd2 26. Nxd2 Nfe5 27. Rec1 Rb6
28. Nc4 Nxc4 29. Rxc4 a5 30. Rbc1 Ne5 31. Rc7 Rb4 32. Ra7 f5 33. Ne2 f4 34. Nd4
a4 35. Rcc7 axb3 36. axb3 Rd8 37. Bc6 Bxh3 38. Rxe7+ Kf6 39. Bd5 fxe3 40. fxe3
g4 41. Re6+ Kg5 42. Rxe5+ dxe5 43. Ne6+ Kxh5 44. Nxd8 Kh4 45. Rb7 1-0

[Event "Elit(Vasteras-Farsta)"]
[Site "?"]
[Date "2009.12.05"]
[Round "5"]
[White "Nilsson, Andre"]
[Black "Magnusson, Jorgen"]
[Result "1-0"]
[WhiteElo "2328"]
[BlackElo "2290"]
[PlyCount "77"]

1. d4 f5 2. g3 Nf6 3. Bg2 g6 4. Nd2 Bg7 5. e4 fxe4 6. Nxe4 Nxe4 7. Bxe4 O-O 8.
h4 d5 9. Bg2 c6 10. h5 e5 11. hxg6 hxg6 12. dxe5 Bxe5 13. Ne2 Qf6 14. O-O Bxb2
15. Bxb2 Qxb2 16. Nd4 Na6 17. Re1 Qb4 18. Rb1 Qd6 19. Rb3 Nc5 20. Rbe3 Bd7 21.
Qd2 Rf7 22. f4 Bg4 23. Re5 Rd8 24. Qe3 Bf5 25. c4 Be4 26. cxd5 cxd5 27. Bxe4
Nxe4 28. Re6 Qb4 29. Rxg6+ Kh7 30. f5 Qd2 31. Qxd2 Nxd2 32. g4 Kh8 33. Kg2 Rc8
34. g5 Ne4 35. f6 Rh7 36. Rh1 Rxh1 37. Kxh1 Kh7 38. Rg7+ Kh8 39. Ne6 1-0

[Event "Elit(Vasteras-Farsta)"]
[Site "?"]
[Date "2009.12.05"]
[Round "5"]
[White "Wieweg, Johnny"]
[Black "Norberg, Erik"]
[Result "0-1"]
[WhiteElo "2203"]
[BlackElo "2263"]
[PlyCount "83"]

1. e4 g6 2. d4 Bg7 3. Nc3 d6 4. Be3 Nf6 5. Qd2 c6 6. f3 b5 7. g4 h5 8. g5 Nfd7
9. Nge2 Nb6 10. b3 N8d7 11. Bg2 Bb7 12. O-O Qc7 13. Nd1 c5 14. c3 d5 15. Nf2
Rd8 16. e5 e6 17. Nf4 Nc8 18. h4 Ne7 19. Bh3 Qc6 20. Nh1 b4 21. cxb4 cxd4 22.
Bxd4 Bxe5 23. Bxe5 Nxe5 24. Qd4 Qb6 25. Qxb6 axb6 26. Ng3 d4 27. Bg2 O-O 28.
Rae1 N5c6 29. b5 Nb4 30. a3 Nc2 31. Rc1 Ne3 32. Rc7 Nxf1 33. Bxf1 Nd5 34. Rxb7
Nxf4 35. Ne4 d3 36. Nd2 Rb8 37. Rd7 Rfd8 38. Rc7 Rbc8 39. Rxc8 Rxc8 40. Kf2 Rc2
41. Ke3 Kf8 42. Bxd3 0-1

[Event "Elit(Vasteras-Farsta)"]
[Site "?"]
[Date "2009.12.05"]
[Round "5"]
[White "Sandberg, Richard"]
[Black "Ong, Kevin"]
[Result "1-0"]
[WhiteElo "2265"]
[BlackElo "2075"]
[PlyCount "47"]

1. e4 e5 2. Nf3 Nc6 3. Bb5 a6 4. Ba4 Nf6 5. O-O Be7 6. Re1 b5 7. Bb3 d6 8. c3
O-O 9. h3 Na5 10. Bc2 c5 11. d4 Qc7 12. Nbd2 cxd4 13. cxd4 Bb7 14. a4 b4 15. b3
Rac8 16. Bb1 d5 17. Nxe5 Nxe4 18. Nxe4 dxe4 19. Bxe4 Bxe4 20. Rxe4 Qc3 21. Bd2
Qxb3 22. Nd7 Rfe8 23. Qg4 Qd5 24. Rxe7 1-0

[Event "Elit(LASK-Eksjo)"]
[Site "?"]
[Date "2009.12.05"]
[Round "5"]
[White "Gdanski, Jacek"]
[Black "Semcesen, Daniel"]
[Result "1/2-1/2"]
[WhiteElo "2571"]
[BlackElo "2585"]
[PlyCount "61"]

1. Nf3 d5 2. c4 c6 3. d4 Nf6 4. e3 Bg4 5. Nc3 e6 6. h3 Bxf3 7. Qxf3 Nbd7 8. Bd3
Bb4 9. O-O O-O 10. Bd2 Nc5 11. dxc5 dxc4 12. Ne4 Bxd2 13. Bxc4 Nxe4 14. Qxe4
Ba5 15. b4 Bc7 16. a4 a6 17. Rab1 Qe7 18. Bd3 g6 19. Qc4 Rac8 20. Be4 Bb8 21.
Rfc1 Ba7 22. g3 Rfd8 23. Rc2 Rd7 24. h4 h5 25. Kg2 Kg7 26. Qc3+ Qf6 27. Qxf6+
Kxf6 28. b5 cxb5 29. axb5 axb5 30. Rxb5 Rdc7 31. Bxb7 1/2-1/2

[Event "Elit(LASK-Eksjo)"]
[Site "?"]
[Date "2009.12.05"]
[Round "5"]
[White "Grandelius, Nils"]
[Black "de Verdier, Michael"]
[Result "1/2-1/2"]
[WhiteElo "2633"]
[BlackElo "2325"]
[PlyCount "46"]

1. d4 Nf6 2. c4 e6 3. Nf3 b6 4. g3 Bb7 5. Bg2 Bb4+ 6. Bd2 Bxd2+ 7. Qxd2 d6 8.
O-O O-O 9. Nc3 Ne4 10. Nxe4 Bxe4 11. Qf4 f5 12. Ng5 Bxg2 13. Kxg2 Qe7 14. Qe3
Re8 15. d5 e5 16. f4 Na6 17. Rae1 g6 18. Qa3 Nc5 19. b4 exf4 20. bxc5 Qxg5 21.
cxd6 Re3 22. Qc1 cxd6 23. Rxf4 Rae8 1/2-1/2

[Event "Elit(LASK-Eksjo)"]
[Site "?"]
[Date "2009.12.05"]
[Round "5"]
[White "Vernersson, Per"]
[Black "Hillarp Persson, Tiger"]
[Result "0-1"]
[WhiteElo "2465"]
[BlackElo "2642"]
[PlyCount "102"]

1. d4 Nf6 2. c4 e6 3. g3 d5 4. Nf3 dxc4 5. Qa4+ Nbd7 6. Bg2 a6 7. Qxc4 b5 8.
Qd3 Bb7 9. O-O c5 10. b3 cxd4 11. Qxd4 Rc8 12. Bb2 Rc2 13. Bc3 Qc7 14. Qd3 Be4
15. Qe3 Bc5 16. Bd4 Bxf3 17. Bxf3 Bxd4 18. Qxd4 O-O 19. Na3 Rc5 20. Rfd1 h5 21.
Qd6 Qa7 22. Rac1 Rfc8 23. Rxc5 Rxc5 24. Nb1 Ne5 25. Bb7 a5 26. Qa6 Qxa6 27.
Bxa6 b4 28. a3 Nd5 29. axb4 axb4 30. Kf1 Rc2 31. Bb7 Nc3 32. Nxc3 Rxc3 33. Rb1
g5 34. h3 Kg7 35. Kg2 Kf6 36. Rb2 Nd7 37. Ba6 Nc5 38. Bc4 Ke5 39. Rb1 Ne4 40.
Rd1 Nc5 41. Rb1 f5 42. Rb2 Ne4 43. Ra2 Rxc4 44. bxc4 Kd4 45. Ra6 e5 46. Rb6 Kc3
47. Rb5 Kxc4 48. Rxe5 b3 49. Re6 Nc3 50. Rc6+ Kb4 51. Rb6+ Nb5 0-1

[Event "Elit(LASK-Eksjo)"]
[Site "?"]
[Date "2009.12.05"]
[Round "5"]
[White "Tikkanen, Hans"]
[Black "Krantz, Christopher"]
[Result "1/2-1/2"]
[WhiteElo "2494"]
[BlackElo "2288"]
[PlyCount "54"]

1. d4 d5 2. c4 c6 3. Nf3 Nf6 4. e3 Bf5 5. cxd5 cxd5 6. Qb3 Qc7 7. Bd2 Nc6 8.
Bb5 e6 9. O-O Bd6 10. Bb4 O-O 11. Bxc6 bxc6 12. Bxd6 Qxd6 13. Nbd2 Rfb8 14. Qc3
Qb4 15. Qxb4 Rxb4 16. b3 Nd7 17. Rfc1 Rb6 18. Ne5 Nxe5 19. dxe5 a5 20. Nf3 Kf8
21. Nd4 Raa6 22. a3 Ke7 23. b4 axb4 24. axb4 Kd7 25. Rxa6 Rxa6 26. b5 cxb5 27.
Nxb5 f6 1/2-1/2

[Event "Elit(LASK-Eksjo)"]
[Site "?"]
[Date "2009.12.05"]
[Round "5"]
[White "Akvist, Hakan"]
[Black "Bejtovic, Jasmin"]
[Result "0-1"]
[WhiteElo "2094"]
[BlackElo "2380"]
[PlyCount "94"]

1. d4 Nf6 2. c4 g6 3. Nc3 Bg7 4. e4 d6 5. f3 O-O 6. Be3 c6 7. Qd2 Nbd7 8. Nge2
a6 9. Rd1 e5 10. d5 cxd5 11. cxd5 b5 12. Nc1 Nh5 13. Bd3 f5 14. O-O Ndf6 15.
Nb3 Bd7 16. a3 Rb8 17. Na2 fxe4 18. Bxe4 Nxe4 19. fxe4 Qh4 20. Nc3 Nf4 21. Kh1
Qh5 22. Rde1 b4 23. axb4 Rxb4 24. Na5 Bg4 25. Nc6 Rb7 26. Bxf4 Rbf7 27. Kg1
exf4 28. e5 dxe5 29. Ne4 f3 30. d6 Bd7 31. Ne7+ Kh8 32. gxf3 Bh6 33. Qd5 Rxf3
34. Ng3 Qg4 35. Rxf3 Qxf3 36. Qxf3 Rxf3 37. Ne4 Bh3 38. Nd5 Rd3 39. Nec3 Bf8
40. Rxe5 Bxd6 41. Re8+ Kg7 42. b4 Rf3 43. Re1 Be5 44. Ne2 h5 45. Rd1 Bb8 46.
Ng3 Ba7+ 47. Kh1 Rf2 0-1

[Event "Elit(LASK-Eksjo)"]
[Site "?"]
[Date "2009.12.05"]
[Round "5"]
[White "Smith, Axel"]
[Black "Al-Saadi, Ali Ghazi"]
[Result "1-0"]
[WhiteElo "2506"]
[BlackElo "2091"]
[PlyCount "117"]
[EventDate "2009.??.??"]

1. d4 Nf6 2. Nf3 c5 3. d5 g6 4. c4 b5 5. cxb5 a6 6. bxa6 Bxa6 7. Nc3 Bg7 8. g3
d6 9. Bg2 Nbd7 10. Rb1 O-O 11. O-O Qa5 12. Qc2 Rfb8 13. Rd1 Ne8 14. Bd2 Qd8 15.
e4 Ne5 16. Nxe5 Bxe5 17. Be3 Nc7 18. f4 Bg7 19. a4 Bc8 20. b3 Na6 21. Nb5 Bg4
22. Rd2 Nb4 23. Qc1 Qd7 24. Qf1 Qc8 25. Na3 Bd7 26. Qc1 Bh3 27. Nc4 Bxg2 28.
Kxg2 Ra7 29. Qd1 Rd7 30. Qf3 Rdb7 31. h4 Qc7 32. f5 Na6 33. Rf2 Rf8 34. h5 Nb8
35. hxg6 fxg6 36. g4 Nd7 37. Qh3 Nf6 38. Nd2 Qc8 39. Rh1 Rf7 40. Bg5 Rb8 41.
Bxf6 Bxf6 42. fxg6 Rg7 43. gxh7+ Kh8 44. Rf5 Qe8 45. Rhf1 Qg6 46. Kf3 Rxh7 47.
Rh5 Bc3 48. Rxh7+ Qxh7 49. Rh1 Qxh3+ 50. Rxh3+ Kg7 51. Ke2 Bxd2 52. Kxd2 Rb4
53. Re3 Kf6 54. Kc3 Ke5 55. Re1 Kf4 56. a5 Rb8 57. a6 Ra8 58. Ra1 Kxe4 59. Kc4
1-0

[Event "Elit(LASK-Eksjo)"]
[Site "?"]
[Date "2009.12.05"]
[Round "5"]
[White "Karlsson, Roger"]
[Black "Lund, Silas"]
[Result "0-1"]
[WhiteElo "1917"]
[BlackElo "2450"]
[PlyCount "86"]

1. e4 e5 2. Nc3 Nf6 3. Nf3 Nc6 4. Bb5 Bd6 5. d3 h6 6. O-O O-O 7. h3 a6 8. Ba4
Re8 9. Be3 b5 10. Bb3 Bb7 11. Nh2 Nd4 12. Ne2 c5 13. Ng4 Nxg4 14. hxg4 Nxb3 15.
axb3 Bf8 16. c4 b4 17. g3 a5 18. f4 exf4 19. Nxf4 Bd6 20. Qf3 Qe7 21. Rf2 Be5
22. Nd5 Bxd5 23. cxd5 f6 24. Rc2 d6 25. Ra4 Qd7 26. Kg2 Ra7 27. Qf5 Qb5 28. Qf1
Rae7 29. Qe2 Ra8 30. Qd2 Kh7 31. Rc1 Qd7 32. Qe2 Qb5 33. Rca1 Bxb2 34. Qxb2
Qxd3 35. Qf2 Qxe4+ 36. Qf3 Qxe3 37. Rxa5 Qxf3+ 38. Kxf3 Rae8 39. Rb1 Re3+ 40.
Kf2 Re2+ 41. Kf1 Rh2 42. Kg1 Rd2 43. Rba1 Re3 0-1

[Event "Elit(Team Viking-Rockaden,Umea)"]
[Site "?"]
[Date "2009.12.06"]
[Round "7"]
[White "Forsberg, Viktor"]
[Black "Cramling, Pia"]
[Result "1-0"]
[WhiteElo "2362"]
[BlackElo "2576"]
[PlyCount "69"]

1. Nf3 Nf6 2. c4 c6 3. g3 d5 4. Bg2 Bf5 5. cxd5 cxd5 6. Qb3 Qc8 7. Nc3 e6 8. d3
Nc6 9. Bf4 Be7 10. Rc1 O-O 11. O-O Nd7 12. Nb5 Nc5 13. Qc3 Qd7 14. Be3 Na6 15.
Nbd4 Nxd4 16. Nxd4 Bg6 17. f4 Bh5 18. h3 f5 19. Bf3 Bf7 20. a3 Rfc8 21. Qd2 Bd6
22. g4 fxg4 23. hxg4 Nc7 24. Bg2 Qa4 25. Qc2 Qe8 26. Nf3 h5 27. gxh5 Bxh5 28.
Qd2 Qg6 29. Ng5 Bg4 30. Bc5 e5 31. Bxd6 Qxd6 32. fxe5 Qxe5 33. Qf4 Qxf4 34.
Rxf4 Bh5 35. Bh3 1-0

[Event "Elit(Team Viking-Rockaden,Umea)"]
[Site "?"]
[Date "2009.12.06"]
[Round "7"]
[White "Carlsson, Pontus"]
[Black "Eriksson, Jorgen"]
[Result "1/2-1/2"]
[WhiteElo "2601"]
[BlackElo "2314"]
[PlyCount "45"]
[EventDate "2009.??.??"]

1. e4 e5 2. Nf3 Nc6 3. Bc4 Nf6 4. d3 Bc5 5. O-O d6 6. c3 O-O 7. Bb3 h6 8. Nbd2
Re8 9. Re1 Bb6 10. Nc4 Be6 11. Be3 Bxe3 12. Nxe3 Bxb3 13. Qxb3 Na5 14. Qa3 Nc6
15. b4 a6 16. Rad1 Qd7 17. Qb3 Rad8 18. a4 Ne7 19. b5 axb5 20. Qxb5 Ra8 21. Nc4
Rxa4 22. Qxb7 Rea8 23. Qb3 1/2-1/2

[Event "Elit(Team Viking-Rockaden,Umea)"]
[Site "?"]
[Date "2009.12.06"]
[Round "7"]
[White "Wickstrom, Lucas"]
[Black "Volodin, Aleksandr"]
[Result "0-1"]
[WhiteElo "2284"]
[BlackElo "2429"]
[PlyCount "104"]
[EventDate "2009.??.??"]

1. d4 Nf6 2. c4 c5 3. d5 b5 4. cxb5 a6 5. bxa6 d6 6. Nc3 Bxa6 7. Nf3 g6 8. g3
Bg7 9. Bg2 Nbd7 10. Rb1 O-O 11. O-O Qa5 12. Bd2 Qc7 13. b3 Nb6 14. Ne1 Bb7 15.
Bc1 c4 16. b4 Qd7 17. a3 Ne8 18. Bb2 Nc7 19. Nc2 Bxc3 20. Bxc3 Ncxd5 21. Ba1 f6
22. Qd4 e5 23. Bxd5+ Nxd5 24. Qxc4 Rac8 25. Qb3 Kg7 26. Ne3 Nxe3 27. Qxe3 d5
28. Bb2 Rc2 29. Rfc1 Rfc8 30. Rxc2 Rxc2 31. Qb6 d4 32. Rc1 Rxb2 33. Qc7 Qf7 34.
Qxf7+ Kxf7 35. Rc7+ Ke6 36. Rxb7 Rxe2 37. Rb8 Ra2 38. b5 Rxa3 39. b6 Rb3 40. b7
Kf5 41. f3 g5 42. h3 h5 43. Kf2 Rb2+ 44. Ke1 h4 45. gxh4 gxh4 46. Rh8 Rxb7 47.
Rxh4 Rb2 48. Rg4 Rh2 49. h4 Ke6 50. Kf1 Kd5 51. Rg6 d3 52. Ke1 Kd4 0-1

[Event "Elit(Team Viking-Rockaden,Umea)"]
[Site "?"]
[Date "2009.12.06"]
[Round "7"]
[White "Sagit, Rauan"]
[Black "Hammar, Ulf"]
[Result "1/2-1/2"]
[WhiteElo "2444"]
[BlackElo "2255"]
[PlyCount "119"]

1. e4 e6 2. d4 d5 3. Nc3 Bb4 4. e5 c5 5. Bd2 Ne7 6. Nb5 Bxd2+ 7. Qxd2 O-O 8. c3
Nbc6 9. f4 a6 10. Nd6 cxd4 11. cxd4 Qb6 12. Nf3 Bd7 13. Rc1 Nc8 14. Rc3 Nxd6
15. exd6 Na7 16. Rb3 Qxd6 17. Rxb7 Bb5 18. Ne5 f6 19. Nd3 Nc6 20. a4 Nd8 21.
Nc5 Nxb7 22. Nxb7 Qe7 23. axb5 Qxb7 24. bxa6 Qb6 25. b4 Rfc8 26. Be2 Rxa6 27.
Bxa6 Qxa6 28. Kf2 Qb6 29. Kg3 Rc4 30. Qe2 Rc3+ 31. Kh4 g5+ 32. fxg5 Qxd4+ 33.
Qg4 fxg5+ 34. Kxg5 Qg7+ 35. Kh5 Qxg4+ 36. Kxg4 Kg7 37. Rb1 Kg6 38. b5 Rc4+ 39.
Kf3 Rc7 40. b6 Rb7 41. Ke3 e5 42. Rb5 Kf5 43. h3 Ke6 44. g4 h6 45. Kf3 Kd6 46.
h4 Ke6 47. Ke3 Kf6 48. Kd3 Ke6 49. Kc3 Kd6 50. Kb4 e4 51. Kc3 Kc6 52. Rb1 Kc5
53. g5 d4+ 54. Kd2 hxg5 55. hxg5 Kd6 56. Ke2 Ke6 57. Rb5 Kf7 58. Kf2 Kg6 59.
Ke2 Kh5 60. Rb4 1/2-1/2

[Event "Elit(Team Viking-Rockaden,Umea)"]
[Site "?"]
[Date "2009.12.06"]
[Round "7"]
[White "Malmstig, Erik"]
[Black "Degerman, Lars"]
[Result "0-1"]
[WhiteElo "2296"]
[BlackElo "2455"]
[PlyCount "116"]
[EventDate "2009.??.??"]

1. d4 d5 2. c4 dxc4 3. e3 Nf6 4. Bxc4 e6 5. Nc3 a6 6. a4 c5 7. Nf3 Nc6 8. O-O
Bd6 9. Qe2 O-O 10. dxc5 Bxc5 11. e4 Qc7 12. Be3 Bxe3 13. Qxe3 Ng4 14. Qg5 Nce5
15. Nxe5 Nxe5 16. Ba2 Bd7 17. Rae1 b5 18. Rc1 Qb8 19. Bb3 Rc8 20. axb5 Bxb5 21.
Rfd1 Nd3 22. Rb1 Nxb2 23. Nxb5 Nxd1 24. Nd4 Qb4 25. Rxd1 Rd8 26. Qe3 Rac8 27.
Nf3 Rxd1+ 28. Bxd1 Qb1 29. Qd4 h6 30. Kf1 a5 31. Ke1 Rc1 32. Ng1 Qb5 33. Ne2
Rc4 34. Qe3 Qb4+ 35. Qd2 Rxe4 36. Qxb4 Rxb4 37. Nc3 Rb2 38. h4 Kf8 39. g4 Ke7
40. Ba4 Kd6 41. Ne4+ Ke5 42. Nc5 Ra2 43. Be8 Kd6 44. Na4 f6 45. Kf1 Ke5 46. Kg2
Kf4 47. Nc5 e5 48. Bd7 e4 49. Bf5 h5 50. Nxe4 hxg4 51. Ng3 a4 52. Be6 Rb2 53.
h5 Ke5 54. Bg8 a3 55. Nf1 Kf4 56. Ne3 a2 57. Bxa2 Rxa2 58. Nd5+ Kg5 0-1

[Event "Elit(Team Viking-Rockaden,Umea)"]
[Site "?"]
[Date "2009.12.06"]
[Round "7"]
[White "Cramling, Dan"]
[Black "Engman, Rickard"]
[Result "1-0"]
[WhiteElo "2424"]
[BlackElo "2235"]
[PlyCount "114"]
[EventDate "2009.??.??"]
[SourceDate "2009.12.12"]

1. d4 Nf6 2. c4 e6 3. Nc3 Bb4 4. e3 b6 5. Nge2 Ne4 6. Qc2 Bb7 7. a3 Bxc3+ 8.
Nxc3 Nxc3 9. Qxc3 O-O 10. b3 f5 11. Bb2 Qe7 12. O-O-O d6 13. f3 Nd7 14. Bd3 e5
15. Bc2 Rae8 16. dxe5 Qxe5 17. Qxe5 Nxe5 18. Rhe1 Re7 19. h3 Ng6 20. Rd4 f4 21.
Bxg6 hxg6 22. e4 a5 23. a4 Rfe8 24. Rdd1 Kf7 25. Bc3 g5 26. Kd2 Re6 27. Ke2
R8e7 28. Kf2 Bc6 29. Rd3 Bb7 30. Rg1 Rh6 31. Rd2 Bc6 32. Re2 Ke6 33. g3 Rxh3
34. gxf4 gxf4 35. Bxg7 Be8 36. e5 Rh2+ 37. Kf1 Rxe2 38. Kxe2 dxe5 39. Rg5 Kf7
40. Rxe5 Rd7 41. Bh6 Rd4 42. Bg5 Bd7 43. Re7+ Kf8 44. Rh7 Kg8 45. Rh4 Bf5 46.
Rxf4 Rxf4 47. Bxf4 Bc2 48. Bxc7 Bxb3 49. Kd3 Bxa4 50. Bxb6 Bc6 51. f4 a4 52.
Kd4 Kf7 53. Ke5 a3 54. f5 a2 55. Bd4 Ke7 56. f6+ Kd7 57. Kf5 Kd6 1-0

[Event "Elit(Team Viking-Rockaden,Umea)"]
[Site "?"]
[Date "2009.12.06"]
[Round "7"]
[White "Mardell, Jimmy"]
[Black "Bergstrom, Peter"]
[Result "1/2-1/2"]
[WhiteElo "2228"]
[BlackElo "2339"]
[PlyCount "92"]

1. e4 c6 2. d4 d5 3. Nc3 dxe4 4. Nxe4 Bf5 5. Ng3 Bg6 6. h4 h6 7. Nf3 Nd7 8. h5
Bh7 9. Bd3 Bxd3 10. Qxd3 e6 11. Bf4 Qa5+ 12. Bd2 Qc7 13. O-O-O Ngf6 14. Kb1
O-O-O 15. Ne4 Nxe4 16. Qxe4 Nf6 17. Qe2 Bd6 18. c4 c5 19. Bc3 cxd4 20. Nxd4 a6
21. Nb3 Qc6 22. f3 Bg3 23. Ba5 Rxd1+ 24. Rxd1 Nxh5 25. c5 Nf4 26. Qc4 Ng6 27.
Qd4 Qd5 28. Qxd5 exd5 29. Rxd5 Bc7 30. Bc3 f6 31. Rd2 Rd8 32. Nd4 Bf4 33. Re2
Be5 34. Ne6 Rd7 35. Bxe5 fxe5 36. c6 bxc6 37. Nc5 Rd5 38. b4 a5 39. a3 axb4 40.
axb4 Rd4 41. Kc2 Rxb4 42. Kc3 Rb1 43. Ne6 Nf4 44. Rxe5 Nxg2 45. Nxg7 Re1 46.
Rh5 Re3+ 1/2-1/2

[Event "Elit(Team Viking-Rockaden,Umea)"]
[Site "?"]
[Date "2009.12.06"]
[Round "7"]
[White "Lindberg, Bo"]
[Black "Lindgren, Fredrik"]
[Result "1-0"]
[WhiteElo "2419"]
[BlackElo "2253"]
[PlyCount "56"]

1. d4 f5 2. g3 Nf6 3. Bg2 e6 4. Nf3 Be7 5. c4 d6 6. O-O O-O 7. Nc3 a5 8. Re1
Ne4 9. Nxe4 fxe4 10. Nd2 d5 11. f3 exf3 12. Nxf3 dxc4 13. Qc2 Qd5 14. e4 Qh5
15. Qxc4 c5 16. d5 b5 17. Qxb5 exd5 18. exd5 Bd8 19. Bf4 Ba6 20. Qxc5 Nd7 21.
Qc6 Bb6+ 22. Kh1 Ra7 23. Re7 Nf6 24. Rxa7 Bxa7 25. Qxa6 Bf2 26. Qc4 Kh8 27. Rf1
Bc5 28. Ne5 Qe2 1-0

[Event "Elit(Eksjo-Team Viking)"]
[Site "?"]
[Date "2010.01.16"]
[Round "6"]
[White "Agrest, Evgenij"]
[Black "Ornstein, Axel"]
[Result "1-0"]
[WhiteElo "2680"]
[BlackElo "2426"]
[PlyCount "97"]
[SourceDate "2010.01.17"]

1. c4 Nf6 2. Nc3 c5 3. Nf3 e6 4. d4 cxd4 5. Nxd4 Bb4 6. g3 Ne4 7. Qd3 Qa5 8.
Nb3 Nxc3 9. Bd2 Ne4 10. Qxe4 Bxd2+ 11. Nxd2 Nc6 12. Bg2 O-O 13. Qd3 Qe5 14. Rb1
Rb8 15. O-O d5 16. Rfd1 Rd8 17. a3 Qf6 18. Qf3 dxc4 19. Nxc4 Qxf3 20. Bxf3 Bd7
21. Rbc1 Kf8 22. b4 Be8 23. e3 Rxd1+ 24. Rxd1 Ke7 25. Rc1 Bd7 26. Rd1 b5 27.
Nd2 a5 28. Rc1 axb4 29. Bxc6 Rc8 30. axb4 Rxc6 31. Rxc6 Bxc6 32. e4 e5 33. Kf1
f6 34. Ke2 Bd7 35. Ke3 h6 36. f4 exf4+ 37. gxf4 g5 38. Nf3 Kf7 39. Nd4 gxf4+
40. Kxf4 Kg6 41. Ne2 Bh3 42. Nc3 Bf1 43. Nd5 Bh3 44. Kg3 Bf1 45. Nf4+ Kf7 46.
Kg4 Bc4 47. Kf5 Ba2 48. h4 Bb3 49. Nd5 1-0

[Event "Elit(Eksjo-Team Viking)"]
[Site "?"]
[Date "2010.01.16"]
[Round "6"]
[White "de Verdier, Michael"]
[Black "Ivanov, Sergej"]
[Result "0-1"]
[WhiteElo "2356"]
[BlackElo "2629"]
[PlyCount "114"]

1. Nf3 d5 2. d4 Nf6 3. c4 c6 4. e3 e6 5. Nbd2 c5 6. b3 Nc6 7. Bb2 Be7 8. Bd3
O-O 9. O-O b6 10. a3 Bb7 11. Qe2 Re8 12. Rfd1 Bf8 13. Rac1 cxd4 14. exd4 g6 15.
c5 bxc5 16. dxc5 e5 17. Bb5 d4 18. Ba6 Qc8 19. Bxb7 Qxb7 20. b4 Rab8 21. Ba1 a5
22. Rb1 axb4 23. axb4 Qb5 24. Re1 Qxe2 25. Rxe2 d3 26. Rxe5 Rxb4 27. Rxb4 Nxb4
28. Rxe8 Nxe8 29. Bd4 f6 30. Ne4 Kf7 31. Kf1 Ke6 32. Ke1 Bh6 33. Bc3 Nc6 34.
Bd2 Bf8 35. Bc3 f5 36. Neg5+ Kd5 37. Nxh7 Bxc5 38. Nf6+ Kc4 39. Be5 Bb4+ 40.
Kd1 Nd6 41. Bf4 Ne4 42. Nxe4 fxe4 43. Ng5 Kd5 44. f3 exf3 45. Nxf3 Ke4 46. Bd2
Bd6 47. Ng5+ Kf5 48. Nf3 Ne5 49. Be3 Nc4 50. Bd2 Bf4 51. Nh4+ Ke4 52. Bxf4 Kxf4
53. g3+ Ke4 54. Ke1 g5 55. Ng2 Kf3 56. h4 Kxg2 57. hxg5 Kf3 0-1

[Event "Elit(Eksjo-Team Viking)"]
[Site "?"]
[Date "2010.01.16"]
[Round "6"]
[White "Cramling, Pia"]
[Black "Vernersson, Per"]
[Result "1-0"]
[WhiteElo "2543"]
[BlackElo "2443"]
[PlyCount "81"]

1. d4 d5 2. c4 e6 3. Nf3 Nf6 4. Nc3 Be7 5. Bg5 Nbd7 6. e3 O-O 7. Rc1 a6 8. a3
dxc4 9. Bxc4 b5 10. Ba2 c5 11. O-O Bb7 12. Qe2 Qb6 13. Rfd1 h6 14. Bh4 Rfe8 15.
Ne5 cxd4 16. exd4 Nf8 17. Rd3 Rad8 18. Rcd1 Nd5 19. Bxe7 Rxe7 20. Rg3 Nf6 21.
Qe3 Kh8 22. Bb1 N8d7 23. Nd3 Nd5 24. Nxd5 Bxd5 25. Rh3 Kg8 26. Rg3 Kh8 27. Qf4
Qb8 28. Qg4 f5 29. Qh4 Nf6 30. Ne5 Kh7 31. h3 Rc7 32. Re3 Qc8 33. Qg3 Kg8 34.
Qg6 Rf8 35. Rg3 Kh8 36. Kh2 Qe8 37. Rc1 Qe7 38. Rgc3 Rfc8 39. Qg3 Kh7 40. Rxc7
Rxc7 41. Ng6 1-0